000 00372pab a2200157 454500
008 180718b2004 xxu||||| |||| 00| 0 eng d
100 _aMehra, Ajay K.
245 _aCorruption and development in India
260 _c2004
300 _ap.13-16.
362 _a27 Dec
650 _aCorruption - India
650 _aCorruption
773 _aYoung Indian
909 _a59117
999 _c59117
_d59117